Statistics for Equestrian Vaulting Quiz

Click here to take the quiz!

General Stats

  • This quiz has been taken 43 times
  • The average score is 10 of 30

Answer Stats

Answer% Correct
The pace of the horse vaulters compete at?Canter
80%
The round that the competitors can make their own routine?Freestyle
67%
How many hands high are the horses usually?17
57%
The number of vaulters in a team?6
57%
What is the most amount of people you can have on the horse at one time?3
53%
In the new rules do competitors have to get off before or after the bell?Before
50%
The name of the piece of tack which covers the horses back?Pad
50%
Name of the compulsory move where only one leg and arm is on the horse?Flag
47%
The person who controls the pace of the horse?Lunger
47%
The piece of equipment vaulters use when not training on a real horse?Barrel
43%
The first round of any competition?Compulsory
43%
The overall name of the move you do to get on the horse?Mount
43%
The overall name of the move you do to get off the horse?Dismount
40%
The official name of pair competitions?Pas de Deux
40%
The length of time teams have to complete their freestyle in?4 Minutes
37%
The outfit vaulters tend to wear to compete in?Catsuit
37%
Name the compulsory move which involves the vaulter turning a full circle on the back?Mill
37%
The round with compulsory freestyle moves?Technical
37%
The rein most vaulters compete on?Left
30%
The letter coding for vaulting competitions (dressage:CDI)?CVI
27%
What vaulters do to judge A when entering the ring?Salute
23%
What signal do the vaulters give to start their music?Arm in air
20%
Where the 2014 WEG was held?Normandy
17%
The name of the main piece of tack that has 2 handes?Roller
17%
Where the 2010 WEG was held?Kentucky
13%
The winner of the female individual title at WEG in 2010 and 2014?Joanne Eccles
10%
The name of the very successful German team?Neuss
10%
When directly using the roller vaulters can use the handles or the?Stirrups
7%
The first names of the three senior individual female vaulters of GB?Lucy Hannah Joanne
3%
What a vaulter does with their legs when they sit on the neck to hold the team up?Thread
3%

Score Distribution

Percentile by Number Answered

Percent of People with Each Score

Your Score History

You have not taken this quiz